Способ получения высокочистых аморфных диоксида кремния и углерода пиролизом рисовой шелухи; Химия и химическая технология в XXI веке; Т. 1

書誌詳細
Parent link:Химия и химическая технология в XXI веке: материалы XV Международной научно-практической конференции студентов и молодых ученых имени профессора Л.П. Кулёва, Томск, 26-29 мая 2014 г.— , 2014
Т. 1.— 2014.— [С. 39-41]
第一著者: Данг Нян Тхонг
団体著者: Национальный исследовательский Томский политехнический университет (ТПУ) Институт природных ресурсов (ИПР) Кафедра общей химической технологии (ОХТ)
その他の著者: Балмашнов М. А. Михаил Александрович (научный руководитель)
要約:Заглавие с титульного экрана
言語:ロシア語
出版事項: 2014
シリーズ:Химия и химическая технология неорганических веществ и материалов
主題:
オンライン・アクセス:http://www.lib.tpu.ru/fulltext/c/2014/C27/V1/017.pdf
フォーマット: MixedMaterials 電子媒体 図書の章
KOHA link:https://koha.lib.tpu.ru/cgi-bin/koha/opac-detail.pl?biblionumber=606948

MARC

LEADER 00000naa2a2200000 4500
001 606948
005 20260310093608.0
035 |a (RuTPU)RU\TPU\conf\4327 
035 |a RU\TPU\conf\4293 
090 |a 606948 
100 |a 20140623d2014 k y0rusy50 ca 
101 0 |a rus 
102 |a RU 
135 |a drnn ---uucaa 
181 0 |a i  
182 0 |a b 
200 1 |a Способ получения высокочистых аморфных диоксида кремния и углерода пиролизом рисовой шелухи  |f Данг Нян Тхонг  |g науч. рук. М. А. Балмашнов 
203 |a Текст  |c электронный 
225 1 |a Химия и химическая технология неорганических веществ и материалов 
300 |a Заглавие с титульного экрана 
320 |a [Библиогр.: с. 41 (4 назв.)] 
337 |a Adobe Reader 
461 1 |0 (RuTPU)RU\TPU\conf\4064  |t Химия и химическая технология в XXI веке  |o материалы XV Международной научно-практической конференции студентов и молодых ученых имени профессора Л.П. Кулёва, Томск, 26-29 мая 2014 г  |o в 2 т.  |d 2014 
463 1 |0 (RuTPU)RU\TPU\conf\4137  |t Т. 1  |v [С. 39-41]  |d 2014 
610 1 |a труды учёных ТПУ 
610 1 |a электронный ресурс 
610 1 |a аморфные вещества 
610 1 |a диоксид кремния 
610 1 |a диоксид углерода 
610 1 |a пиролиз 
610 1 |a рисовая шелуха 
700 0 |a Данг Нян Тхонг 
702 1 |a Балмашнов  |b М. А.  |c химик-технолог  |c доцент Томского политехнического университета, кандидат технических наук  |f 1982-  |g Михаил Александрович  |4 727  |9 11059 
712 0 2 |a Национальный исследовательский Томский политехнический университет (ТПУ)  |b Институт природных ресурсов (ИПР)  |b Кафедра общей химической технологии (ОХТ)  |3 (RuTPU)RU\TPU\col\18654 
801 2 |a RU  |b 63413507  |c 20140623  |g RCR 
856 4 |u http://www.lib.tpu.ru/fulltext/c/2014/C27/V1/017.pdf 
942 |c CF